| Поле | Инд. | ПП | Название | Значение |
|---|---|---|---|---|
| Тип записи | a | |||
| Библиографический уровень | m | |||
| 001 | Контрольный номер | ru\VRSL\246083 | ||
| 005 | Дата корректировки | 20150513112058.2 | ||
| 008 | Кодируемые данные | 060914s2006 RU a |||| 000 1 rus u | ||
| 020 | a | ISBN | 5-7870-0093-5 | |
| 040 | a | Служба первич. каталог. | ВОУНБ им.И.С.Никитина | |
| a | Служба первич. каталог. | НБ ТвГУ | ||
| 041 | a | Код языка текста | rus | |
| 044 | a | Код страны публикации | RU | |
| 080 | a | Индекс УДК | 94(47)"19" | |
| 084 | a | Индекс другой классификации/Индекс ББК | Т3(2)6-21 | |
| 090 | a | Полочн. индекс | Т3(2)6 | |
| x | Авторский знак | М 94 | ||
| 245 | 10 | a | Заглавие | Мы все с одной деревни... |
| b | Продолж. заглавия | [Человек в истории ; Россия-ХХ век ; Школьники села Новый Курлак Воронеж. обл. о судьбах своих земляков : сборник работ победителей] | ||
| c | Ответственность | сост.: Н. А. Макаров, Б. А. Рогинский ; текст подгот. А. Г. Паповян | ||
| 260 | a | Место издания | Москва | |
| b | Издательство | Звенья | ||
| c | Дата издания | 2006 | ||
| 300 | a | Объем | 338, [2] с. | |
| b | Иллюстрации/ тип воспроизводства | ил. | ||
| 440 | _0 | a | Серия | Всеросийский конкурс "Человек в истории : Россия-ХХ век" |
| 504 | a | Библиография | Указ. имен: с. 328-339 | |
| 520 | a | Аннотация | Этот сборник школьных исследований – настоящий краеведческий феномен; он составлен из работ, которые пришли на конкурс «Человек в истории. Россия – XX век» в разные годы, но из одной местности – села Новый Курлак. Исследования школьников, серьезные и одновременно очень живые, написаны на основе оригинальных источников – архивных документах, материалах, сохранившихся в семьях, устных свидетельствах, изучении памятников. В центре внимания – человек, односельчанин, его жизнь и судьба. Но история края – это всегда история сотен людей, история нескольких поколений и – история страны. | |
| 653 | a | Ключевые слова | 20 в. | |
| a | Ключевые слова | Воронежская область | ||
| a | Ключевые слова | Деревня | ||
| a | Ключевые слова | История Воронежской области | ||
| a | Ключевые слова | История крестьянства | ||
| a | Ключевые слова | История России | ||
| a | Ключевые слова | История СССР | ||
| a | Ключевые слова | Крестьянство | ||
| 700 | 1_ | a | Другие авторы | Макаров Николай Александрович |
| e | Роль лиц | сост. | ||
| 700 | 1_ | a | Другие авторы | Рогинский Борис Арсеньевич |
| e | Роль лиц | сост. | ||
| 700 | 1_ | a | Другие авторы | Паповян А. Г. |
| e | Роль лиц | подгот. текста | ||
| 901 | t | Тип документа | m | |
| 920 | a | Оператор | Хохл | |
| 952 | c | Вид литературы | К рн | |
| 954 | a | Дата поступления на обработку | 20111209 |